00347nam a2200145Ia 4500008004100000020001800041041000800059082001700067100001700084245003900101260002000140300000800160365001600168700001700184230718s9999 xx 000 0 und d a9781107682283 aeng a341.6'3bDIN aDinniss H.H. aCyber Warfare And The Laws Of War c2013bCambridge a331 cRs.b595.00 aDinniss H.H.